Fluid mechanics : (Record no. 100278)

MARC details
000 -LEADER
fixed length control field 00595nam a22001937a 4500
005 - DATE AND TIME OF LATEST TRANSACTION
control field 20160610163625.0
010 ## - LCCN (DPL NO)
LC control number ENG-115242
020 ## - INTERNATIONAL STANDARD BOOK NUMBER
International Standard Book Number 9788120352186
Terms of availability 450.00
035 ## - SYSTEM CONTROL NUMBER
System control number EN-98774
037 ## - SOURCE OF ACQUISITION
Source of stock number/acquisition DBAD/PUB
082 ## - DEWEY DECIMAL CLASSIFICATION NUMBER
Classification number 620.106
100 ## - MAIN ENTRY--PERSONAL NAME
Personal name Pani,Bidya Sagar
245 ## - TITLE STATEMENT
Title Fluid mechanics :
Statement of responsibility, etc by Bidya Sagar Pani
Remainder of title a concise introduction /
260 ## - PUBLICATION, DISTRIBUTION, ETC. (IMPRINT)
Place of publication, distribution, etc Delhi
Name of publisher, distributor, etc PHI Learning
Date of publication, distribution, etc 2016
270 ## - ADDRESS
Address Rimjhim House, 111, Patparganj Industrial Estate
City Delhi
Postal code 110092
300 ## - PHYSICAL DESCRIPTION
Extent xv,344p. :
Other physical details ill.
Dimensions 25cm(pbk)
500 ## - GENERAL NOTE
General note Includes index
942 ## - ADDED ENTRY ELEMENTS (KOHA)
Source of classification or shelving scheme Dewey Decimal Classification
Item type English Books
Classification part 620.106
Call number suffix PAN
Holdings
Withdrawn status Lost status Not for loan Collection code Home library Current library Date acquired Source of acquisition Cost, normal purchase price Full call number Barcode Copy number Cost, replacement price Koha item type
    Not For Loan Non-fiction D.B.Act.Division Bawana 10/06/2016 DBAD/PUB 450.00 620.106 PAN EN-98774 1 450.00 English Books

© Delhi Public Library
Hit Counter
free hit counter